-
YADAV, DR, A V.,YADAV,B.V.,AND SHAIKH,T.I
Entry Personal Name
Number of records used in: 1
001 - CONTROL NUMBER
003 - CONTROL NUMBER IDENTIFIER
005 - DATE AND TIME OF LATEST TRANSACTION
- control field:
20240109125218.0
008 - FIXED-LENGTH DATA ELEMENTS
- fixed length control field:
240109|| aca||aabn | a|a d
040 ## - CATALOGING SOURCE
- Original cataloging agency:
JRU
- Transcribing agency:
JRU
100 ## - HEADING--PERSONAL NAME
- Personal name:
YADAV, DR, A V.,YADAV,B.V.,AND SHAIKH,T.I
670 ## - SOURCE DATA FOUND
- Source citation:
Work cat.: (JRU)5906: YADAV, DR, A V.,YADAV,B.V.,AND SHAIKH,T.I, HANDBOOK OF CLINICAL PHARMACY